|
|
|
|
| LEADER |
00000nab a2200000ua 4500 |
| 001 |
vtls010785329 |
| 003 |
SK-MaSNL |
| 005 |
20260225191416.0 |
| 008 |
230131s1960 xo |||||||||||||||||slo| |
| 035 |
|
|
|a (urnnbn)urn:nbn:sk:snk:ar-a0038d
|
| 035 |
|
|
|a (uuid)687cc9f4-bc81-4b07-8d9d-0b7d07636077
|
| 035 |
|
|
|a urn:nbn:sk:snk-ab4zxu
|
| 040 |
|
|
|a SNKBUCL
|b slo
|c SNKBUCL
|e AACR2
|
| 041 |
0 |
|
|a slo
|
| 044 |
|
|
|a xo
|c SK
|
| 245 |
0 |
0 |
|a MEDZINÁRODNÁ KONFERENCIA VČELÁROV SOCIALISTICKÝCH ŠTÁTOV
|
| 773 |
0 |
|
|t Včelár : odborný časopis Povereníctva poľnohospodárstva a lesného hospodárstva a Ústredia včelárskych združení na Slovensku
|g Roč. 34, č. 12 (1960), s. 270
|
| 954 |
|
|
|a odborná, vedecká literatúra pôvodná (slovenská)
|2 lita
|
| 958 |
|
|
|a OND
|
| 958 |
|
|
|a EUIPO
|
| 958 |
|
|
|a article3
|
| 999 |
|
|
|c 1908273
|d 1910203
|